Engine Modeling and Simulation (Record no. 3181)
[ view plain ]
| 000 -LEADER | |
|---|---|
| fixed length control field | 03775nam a22003975i 4500 |
| 007 - PHYSICAL DESCRIPTION FIXED FIELD--GENERAL INFORMATION | |
| fixed length control field | cr nn 008mamaa |
| 008 - FIXED-LENGTH DATA ELEMENTS--GENERAL INFORMATION | |
| fixed length control field | 211216s2022 si | s |||| 0|eng d |
| 020 ## - INTERNATIONAL STANDARD BOOK NUMBER | |
| International Standard Book Number | 9789811686184 |
| -- | 978-981-16-8618-4 |
| 040 ## - CATALOGING SOURCE | |
| Original cataloging agency | IMU Kochi Library |
| Language of cataloging | eng |
| 041 0# - LANGUAGE CODE | |
| Language code of text/sound track or separate title | eng |
| 082 04 - DEWEY DECIMAL CLASSIFICATION NUMBER | |
| Classification number | 621.4 |
| Edition number | 23 |
| 245 10 - TITLE STATEMENT | |
| Title | Engine Modeling and Simulation |
| Medium | [electronic resource] / |
| 250 ## - EDITION STATEMENT | |
| Edition statement | 1st ed. 2022. |
| 300 ## - PHYSICAL DESCRIPTION | |
| Extent | XIV, 364 p. 142 illus., 112 illus. in color. |
| Other physical details | online resource. |
| 490 1# - SERIES STATEMENT | |
| Series statement | Energy, Environment, and Sustainability, |
| 505 0# - FORMATTED CONTENTS NOTE | |
| Formatted contents note | Introduction to Engine Modeling and Simulation -- Development of Engine Models and Analysis of Cylinder Bore Piston Stresses and Temperature Effects in IC Engine -- Mathematical Modeling of Injection and Spray Characteristics of a Diesel Engine: A Review -- Spray Breakup Modelling for Internal Combustion Engines -- Modeling and Simulation of Diesel Engines using CFD and its Applications in Optimizing Various In-Cylinder Techniques -- Physical and Data-Driven Models Hybridisation for Modelling the Dynamic State of a Four-Stroke Marine Diesel Engine -- Soot Particles and NOx Modelling for Diesel Engine -- NOx emission prediction model for DI diesel engine -- Fundamentals, Evolution, and Modeling of Ignition Systems for Spark Ignition Engines -- Methods in SI engine modelling: Auto calibration of combustion and heat transfer models, and exergy analysis -- Investigation on the effect of injection timings on combustion, performance and emissions of a pure methanol fuelled DISI engine through 1-D simulations -- Automotive exhaust thermoelectric generator unit integrated to exhaust noise muffler: Heat recovery and noise attenuation simulations -- Diesel engine waste heat recovery schemes for improved fuel economy and reduced emissions: Simulation result. |
| 520 ## - SUMMARY, ETC. | |
| Summary, etc | This book focuses on the simulation and modeling of internal combustion engines. The contents include various aspects of diesel and gasoline engine modeling and simulation such as spray, combustion, ignition, in-cylinder phenomena, emissions, exhaust heat recovery. It also explored engine models and analysis of cylinder bore piston stresses and temperature effects. This book includes recent literature and focuses on current modeling and simulation trends for internal combustion engines. Readers will gain knowledge about engine process simulation and modeling, helpful for the development of efficient and emission-free engines. A few chapters highlight the review of state-of-the-art models for spray, combustion, and emissions, focusing on the theory, models, and their applications from an engine point of view. This volume would be of interest to professionals, post-graduate students involved in alternative fuels, IC engines, engine modeling and simulation, and environmental research. |
| 650 #0 - SUBJECT ADDED ENTRY--TOPICAL TERM | |
| Topical term or geographic name as entry element | Engines. |
| 650 14 - SUBJECT ADDED ENTRY--TOPICAL TERM | |
| Topical term or geographic name as entry element | Engine Technology. |
| 700 1# - ADDED ENTRY--PERSONAL NAME | |
| Personal name | Agarwal, Avinash Kumar. |
| Relator term | |
| Relator code | edt |
| -- | http://id.loc.gov/vocabulary/relators/edt |
| 700 1# - ADDED ENTRY--PERSONAL NAME | |
| Personal name | Kumar, Dhananjay. |
| Relator term | |
| Relator code | edt |
| -- | http://id.loc.gov/vocabulary/relators/edt |
| 700 1# - ADDED ENTRY--PERSONAL NAME | |
| Personal name | Sharma, Nikhil. |
| Relator term | |
| Relator code | edt |
| -- | http://id.loc.gov/vocabulary/relators/edt |
| 700 1# - ADDED ENTRY--PERSONAL NAME | |
| Personal name | Sonawane, Utkarsha. |
| Relator term | |
| Relator code | edt |
| -- | http://id.loc.gov/vocabulary/relators/edt |
| 830 #0 - SERIES ADDED ENTRY--UNIFORM TITLE | |
| Uniform title | Energy, Environment, and Sustainability, |
| 852 ## - LOCATION/CALL NUMBER | |
| Location | IMU Kochi Library |
| 856 40 - ELECTRONIC LOCATION AND ACCESS | |
| Uniform Resource Identifier | <a href="https://doi.org/10.1007/978-981-16-8618-4">https://doi.org/10.1007/978-981-16-8618-4</a> |
| 904 ## - LOCAL DATA ELEMENT D, LDD (RLIN) | |
| CATALOGER | Rudra Ranjan |
| 905 ## - LOCAL DATA ELEMENT E, LDE (RLIN) | |
| VERIFIER | Rudra Ranjan |
| 942 ## - ADDED ENTRY ELEMENTS (KOHA) | |
| Item type | E-Book |
| 264 #1 - | |
| -- | Singapore : |
| -- | Springer Nature Singapore : |
| -- | Imprint: Springer, |
| -- | 2022. |
| 338 ## - | |
| -- | online resource |
| 830 #0 - SERIES ADDED ENTRY--UNIFORM TITLE | |
| -- | 2522-8374 |
No items available.